Public and Private Sector Bank Employee Engagement Practices: (Record no. 211512)
[ view plain ]
| 000 -LEADER | |
|---|---|
| fixed length control field | 00865nam a22002417a 4500 |
| 005 - DATE AND TIME OF LATEST TRANSACTION | |
| control field | 20250602163635.0 |
| 010 ## - LCCN (DPL NO) | |
| LC control number | ENG-145152 |
| 020 ## - INTERNATIONAL STANDARD BOOK NUMBER | |
| International Standard Book Number | 9789392568633 |
| Terms of availability | 2099.00 |
| 035 ## - SYSTEM CONTROL NUMBER | |
| System control number | EN-128684 |
| 037 ## - SOURCE OF ACQUISITION | |
| Source of stock number/acquisition | DBAD |
| 082 ## - DEWEY DECIMAL CLASSIFICATION NUMBER | |
| Classification number | 332.1 |
| Edition number | 1 |
| 100 ## - MAIN ENTRY--PERSONAL NAME | |
| Personal name | R. Vijaya Lakshmi |
| 245 ## - TITLE STATEMENT | |
| Title | Public and Private Sector Bank Employee Engagement Practices: |
| Remainder of title | A Study Conducted in Chhattisgarh |
| Statement of responsibility, etc | R. Vijaya Lakshmi...[et.al] |
| 250 ## - EDITION STATEMENT | |
| Edition statement | 1 |
| 260 ## - PUBLICATION, DISTRIBUTION, ETC. (IMPRINT) | |
| Place of publication, distribution, etc | Chhattisgrah |
| Name of publisher, distributor, etc | Aditi Publication |
| Date of publication, distribution, etc | 2024 |
| 270 ## - ADDRESS | |
| Address | Opp. New Panchajanya Vidya Mandir, Near Tiranga Chowk, Kushalpur,Raipur |
| City | Chhattisgrah |
| Telephone number | +91 9425210308 |
| 300 ## - PHYSICAL DESCRIPTION | |
| Extent | 138p. |
| Dimensions | 20cm(pb) |
| 700 ## - ADDED ENTRY--PERSONAL NAME | |
| Personal name | Chandra, Ashok Kumar |
| Relator term | Author |
| 9 (RLIN) | 81551 |
| 700 ## - ADDED ENTRY--PERSONAL NAME | |
| Personal name | Soma, Mahesh Kumar |
| Relator term | Author |
| 9 (RLIN) | 81552 |
| 700 ## - ADDED ENTRY--PERSONAL NAME | |
| Personal name | Rao, G.V.V Jagannadha |
| Relator term | Author |
| 9 (RLIN) | 81553 |
| 760 ## - MAIN SERIES ENTRY | |
| Edition | 1 |
| 942 ## - ADDED ENTRY ELEMENTS (KOHA) | |
| Source of classification or shelving scheme | Dewey Decimal Classification |
| Item type | English Books |
| Classification part | 332.1 |
| Call number suffix | RVI |
| Edition | 1 |
| Withdrawn status | Lost status | Not for loan | Collection code | Home library | Current library | Date acquired | Source of acquisition | Cost, normal purchase price | Full call number | Barcode | Copy number | Cost, replacement price | Koha item type |
|---|---|---|---|---|---|---|---|---|---|---|---|---|---|
| Non-fiction | Mobile Library | Mobile Library | 02/06/2025 | Delivery of Books Act Division | 2099.00 | 332.1 RVI | EN-128684 | 1 | 2099.00 | English Books |
